000 00297nam a2200121Ia 4500
008 150201s2011 xx 000 0 und d
082 _a658
_bRAN
100 _aRenu Rana
245 _aFundamentals of management
260 _bS.K. Kataria & SONS
_aN.Delhi
_c2011
300 _a195p.
942 _2ddc
_cBK
999 _c5380
_d5380